WWE 2019 QUIZ - Statistics

General Stats
  • This quiz has been taken 339 times
  • The average score is 14 of 38
Answer Stats
Hint Answer % Correct
WWE Universal Champion Brock Lesnar
92%
Who is the Royal Rumble 2019 winner ? (Men) Seth Rollins
82%
Who is the former WWE Champion ? AJ Styles
57%
Who is on the cover of WWE 2K19 ? AJ Styles
57%
WWE Champion Daniel Bryan
57%
Who is the former SmackDown Women's Champion ? Becky Lynch
55%
Who is the Royal Rumble 2019 winner ? (Women) Becky Lynch
55%
WWE Raw Women's Champion Ronda Rousey
54%
Who is the former Universal Champion ? Roman Reigns
53%
WWE SmackDown Tag Team Champions The Usos
53%
WWE Intercontinental Champion Finn Balor
48%
WWE SmackDown Women's Champion Asuka
45%
Who replaces Mustafa Ali at WWE Elimination Chamber Main Event ? Kofi Kingston
45%
Who is the former Raw Women's Champion ? Alexa Bliss
42%
Who is the Money In The Bank 2018 winner ? (Women) Alexa Bliss
42%
Who is the former United States Champion ? Shinsuke Nakamura
41%
WWE Raw Tag Team Champions The Revival
41%
Who is the former Intercontinental Champion ? Bobby Lashley
38%
Who attacks R-Truth in the Men's Royal Rumble match ? Nia Jax
38%
Who is the Money In The Bank 2018 winner ? (Men) Braun Strowman
33%
WWE NXT UK Champion Pete Dunne
32%
Who won the World Cup at WWE Crown Jewel ? Shane McMahon
32%
Who is the former North American Champion ? Johnny Gargano
28%
WWE Cruiserweight Champion Buddy Murphy
27%
WWE United States Champion R-Truth
26%
WWE NXT North American Champion Velveteen Dream
23%
Who is the former NXT UK Women's Champion ? Rhea Ripley
22%
Who is the former NXT UK Champion ? Tyler Bate
21%
WWE NXT Champion Tommaso Ciampa
20%
WWE NXT UK Women's Champion Toni Storm
19%
Who is the former Cruiserweight Champion ? Cedric Alexander
18%
Who are the former NXT Tag Team Champions ? Undisputed Era
18%
Who is the former NXT Champion ? Aleister Black
15%
WWE NXT Tag Team Champions War Raiders
10%
WWE Womens Tag Team Champions Bayley & Sasha Banks
8%
Who are the former SmackDown Tag Team Champion ? The Miz and Shane McMahon
7%
Who are the former Raw Tag Team Champions ? Chad Gable and Bobby Roode
6%
WWE NXT UK Tag Team Champions James Drake and Zack Gibson
4%
No matching quizzes found
Score Distribution
Percent of People with Each Score
Percentile by Number Answered
Your Score History
You have not taken this quiz